| 000 | 00825nam a22001937a 4500 | ||
|---|---|---|---|
| 005 | 20251211105157.0 | ||
| 010 | _aHIN-130609 | ||
| 020 |
_c250.00 _a9789389688467 |
||
| 035 | _aHN-102955 | ||
| 037 | _bDBAD | ||
| 082 |
_a610 _21 |
||
| 100 |
_aत्रिपाठी, ए. के _986046 |
||
| 245 |
_aप्लातेलेट्स की कमी: _bभ्रांतियां एवं समाधान/ _cए. के त्रिपाठी |
||
| 250 | _a1 | ||
| 260 |
_aNew Delhi _bCBS Publishers & Distributors Pvt Ltd _c2018 |
||
| 270 |
_bNew Delhi _a4819/XI, Prahlad Street, 24 Ansari Road Darya Ganj _e110002 _k011-23289259 _k011-23266861 _k011-23266867 _l011-23243014 |
||
| 300 |
_a47पृ. _c22सेमी साजिल्द) |
||
| 942 |
_2ddc _cHN _mत्रिपाठी _h610 |
||
| 999 |
_c213907 _d213907 |
||